[Event "Ulaanbaatar Ikh Nuudel op"]
[Site "Ulaanbaatar"]
[Date "2016.10.01"]
[Round "3"]
[White "Soyolmaa, Dashdondog"]
[Black "Boldoo, Erdenepurev"]
[Result "0-1"]
[WhiteElo "1917"]
[BlackElo "2212"]
[PlyCount "120"]
[EventDate "2016.09.29"]
[EventType "swiss"]
[EventRounds "9"]
[EventCountry "MGL"]
[SourceTitle "CBM 174 Extra"]
[Source "ChessBase"]
[SourceDate "2016.10.10"]
[SourceVersion "1"]
[SourceVersionDate "2016.10.10"]
[SourceQuality "1"]

1. e4 c5 2. Nf3 e6 3. c4 Nc6 4. Nc3 g6 5. Be2 Bg7 6. d3 e5 7. Be3 d6 8. Qd2 h6 9. Nd5 Nge7 10. Qc2 f5 11. h3 0-0 12. 0-0 f4 13. Bd2 g5 14. Bc3 Be6 15. Nh2 Qd7 16. Qd1 Ng6 17. Bg4 Nd8 18. f3 Qf7 19. Bh5 Kh7 20. Ng4 Qd7 21. Kf2 b5 22. b3 Bxd5 23. cxd5 Nb7 24. Qe2 Rfc8 25. Rfc1 Qc7 26. Kf1 Qb6 27. Be1 Rc7 28. Rc2 Rac8 29. Rac1 a5 30. Nf2 b4 31. Nd1 a4 32. Nb2 axb3 33. axb3 Ra8 34. Nc4 Qa6 35. Bg4 Bf6 36. Bf5 Kg7 37. Bxg6 Kxg6 38. Rb1 Nd8 39. Rbb2 Rca7 40. Rb1 Nf7 41. Qd1 h5 42. Qe2 Qb7 43. Rbb2 Qa6 44. Rb1 Be7 45. Qd1 Nh6 46. Qe2 Kf7 47. Qd2 g4 48. hxg4 hxg4 49. fxg4 Rg8 50. g5 Rxg5 51. Bh4 Rg4 52. Bxe7 Kxe7 53. Rcc1 Qc8 54. Ra1 Rc7 55. Rc2 Rh4 56. Kf2 Ng4+ 57. Kf3 Nh2+ 58. Kf2 Qg8 59. Nxd6 Kxd6 60. Ra6+ Kd7 0-1

[Event "WchT Seniors 50"]
[Site "Radebeul"]
[Date "2016.07.03"]
[Round "8.25"]
[White "Bjorgvik, Jan Arne"]
[Black "Soyolmaa, Dashdondog"]
[Result "1-0"]
[WhiteElo "1803"]
[BlackElo "1923"]
[PlyCount "91"]
[EventDate "2016.06.26"]
[EventType "team-swiss"]
[EventRounds "9"]
[EventCountry "GER"]
[SourceTitle "CBM 173 Extra"]
[Source "ChessBase"]
[SourceDate "2016.08.29"]
[SourceVersion "1"]
[SourceVersionDate "2016.08.29"]
[SourceQuality "1"]
[WhiteTeam "Norway Mix"]
[BlackTeam "Mongolia (Women)"]
[WhiteTeamCountry "NOR"]
[BlackTeamCountry "MGL"]

1. e4 e5 2. Nf3 Nc6 3. Bc4 Bc5 4. 0-0 d6 5. h3 Nf6 6. d3 h6 7. Re1 0-0 8. Be3 Bb6 9. Bxb6 axb6 10. Nc3 Na5 11. Bb3 Nxb3 12. axb3 Rxa1 13. Qxa1 Nh5 14. Qd1 Nf4 15. Ne2 Nxe2+ 16. Qxe2 Qf6 17. Ra1 Qg6 18. Kh2 f5 19. Ra8 f4 20. d4 exd4 21. Nxd4 Kh7 22. Nf5 Re8 23. Rxc8 Rxc8 24. Ne7 Qe6 25. Nxc8 Qxc8 26. Qf3 Qf8 27. g3 fxg3+ 28. Kxg3 Qd8 29. Qf5+ Kh8 30. h4 c6 31. Kg4 Qe8 32. c4 Qg8 33. Qd7 Qf8 34. f4 Qf6 35. Qc8+ Kh7 36. Qf5+ Kg8 37. Qxf6 gxf6 38. Kf5 Kf7 39. h5 b5 40. cxb5 d5 41. bxc6 bxc6 42. exd5 cxd5 43. Kg4 Ke6 44. b4 Kd6 45. Kf3 Kc6 46. Ke3 1-0

[Event "WchT Seniors 50"]
[Site "Radebeul"]
[Date "2016.06.30"]
[Round "5.3"]
[White "Pantel, Heinrich"]
[Black "Soyolmaa, Dashdondog"]
[Result "1/2-1/2"]
[WhiteElo "1801"]
[BlackElo "1923"]
[PlyCount "56"]
[EventDate "2016.06.26"]
[EventType "team-swiss"]
[EventRounds "9"]
[EventCountry "GER"]
[SourceTitle "CBM 173 Extra"]
[Source "ChessBase"]
[SourceDate "2016.08.29"]
[SourceVersion "1"]
[SourceVersionDate "2016.08.29"]
[SourceQuality "1"]
[WhiteTeam "Kaltenkirchen"]
[BlackTeam "Mongolia (Women)"]
[WhiteTeamCountry "GER"]
[BlackTeamCountry "MGL"]

1. e4 e5 2. Nf3 Nc6 3. Bc4 Bc5 4. 0-0 Nf6 5. d3 h6 6. a3 d6 7. Be3 Bb6 8. Bxb6 axb6 9. h3 0-0 10. Nbd2 Nh7 11. Nh2 Qf6 12. c3 Ne7 13. Qf3 Ng6 14. Qxf6 Nxf6 15. Nhf3 Be6 16. Bxe6 fxe6 17. d4 Nd7 18. dxe5 Ndxe5 19. Nxe5 Nxe5 20. f3 Nd3 21. Rab1 e5 22. Nc4 Nf4 23. Ne3 Rf7 24. Rbd1 b5 25. Nd5 Ne6 26. Ne3 Nf4 27. Nd5 Ne6 28. Ne3 Nf4 1/2-1/2

[Event "WchT Seniors 50"]
[Site "Radebeul"]
[Date "2016.06.27"]
[Round "2.3"]
[White "Soyolmaa, Dashdondog"]
[Black "Wagner, Bernd1111"]
[Result "0-1"]
[WhiteElo "1923"]
[BlackElo "1935"]
[PlyCount "134"]
[EventDate "2016.06.26"]
[EventType "team-swiss"]
[EventRounds "9"]
[EventCountry "GER"]
[SourceTitle "CBM 173 Extra"]
[Source "ChessBase"]
[SourceDate "2016.08.29"]
[SourceVersion "1"]
[SourceVersionDate "2016.08.29"]
[SourceQuality "1"]
[WhiteTeam "Mongolia (Women)"]
[BlackTeam "Bernburg"]
[WhiteTeamCountry "MGL"]
[BlackTeamCountry "GER"]

1. e4 d5 2. e5 e6 3. d4 c5 4. c3 Nc6 5. Nf3 Qb6 6. Be2 Bd7 7. 0-0 Nh6 8. b3 cxd4 9. cxd4 Nf5 10. Bb2 Be7 11. Qd2 0-0 12. g4 Nh6 13. h3 Rac8 14. Nc3 Na5 15. Rac1 Kh8 16. Nb1 Ng8 17. Rxc8 Rxc8 18. Rc1 Rxc1+ 19. Qxc1 f6 20. Nbd2 Qc6 21. Qd1 Qb6 22. Nf1 Nc6 23. Bd3 fxe5 24. dxe5 Bc5 25. Qd2 Nge7 26. Kg2 Be8 27. Qf4 Ng6 28. Bxg6 Bxg6 29. Ng5 Nb4 30. Nf7+ Kg8 31. Ng5 Nd3 32. Qd2 Bxf2 33. Nf3 Be4 34. N1h2 Be3 35. Qc3 Nf4+ 36. Kh1 Qc5 37. Qxc5 Bxc5 38. Bc1 Nxh3 39. Kg2 Nf2 40. Bd2 Nd3 41. Kg3 h6 42. g5 Ba3 43. gxh6 Nc1 44. Ng4 Bxf3 45. Kxf3 gxh6 46. Nxh6+ Kg7 47. Bxc1 Bxc1 48. Ng4 Kg6 49. Nf6 Kf5 50. Nd7 Bb2 51. Nc5 b6 52. Nd3 Bxe5 53. Nb4 Bc3 54. Nc6 a5 55. Ne7+ Ke5 56. Ng6+ Kd6 57. Ke3 Kc5 58. Kd3 Bf6 59. a3 e5 60. Nf8 e4+ 61. Kc2 Kd4 62. Ne6+ Ke5 63. Nc7 d4 64. Kd2 Bg5+ 65. Kd1 d3 66. Nb5 e3 67. Nc3 e2+ 0-1

[Event "WchT Seniors 50"]
[Site "Radebeul"]
[Date "2016.06.26"]
[Round "1.3"]
[White "Schulz, Michael"]
[Black "Soyolmaa, Dashdondog"]
[Result "1-0"]
[WhiteElo "2127"]
[BlackElo "1923"]
[PlyCount "81"]
[EventDate "2016.06.26"]
[EventType "team-swiss"]
[EventRounds "9"]
[EventCountry "GER"]
[SourceTitle "CBM 173 Extra"]
[Source "ChessBase"]
[SourceDate "2016.08.29"]
[SourceVersion "1"]
[SourceVersionDate "2016.08.29"]
[SourceQuality "1"]
[WhiteTeam "Potsdam Empor"]
[BlackTeam "Mongolia (Women)"]
[WhiteTeamCountry "GER"]
[BlackTeamCountry "MGL"]

1. d4 d5 2. Bg5 c6 3. e3 Nd7 4. Nd2 Ngf6 5. Ngf3 e6 6. Bd3 h6 7. Bh4 Be7 8. Qe2 0-0 9. Bxf6 Bxf6 10. e4 e5 11. dxe5 Nxe5 12. Nxe5 Bxe5 13. 0-0-0 Qf6 14. c3 d4 15. c4 c5 16. h4 Bd7 17. g3 Qb6 18. Rdg1 Rae8 19. h5 Qa6 20. f4 Bc7 21. Kb1 Qa5 22. Rh2 a6 23. Qf3 Qb6 24. g4 Kh8 25. g5 Re6 26. Rhg2 Rg8 27. f5 Ree8 28. f6 Be5 29. g6 Bxf6 30. gxf7 Qe6 31. fxg8Q+ Rxg8 32. Qf5 Qxf5 33. exf5 b5 34. Re2 Rb8 35. b3 Be8 36. Ne4 Bxh5 37. Rh2 Bf7 38. Nxf6 bxc4 39. Nd7 Rb4 40. f6 g6 41. Bxg6 1-0

[Event "MGL-ch (Women) 47th"]
[Site "Ulaanbaatar"]
[Date "2015.04.23"]
[Round "8"]
[White "Uuriintuya, Uurtsaikh"]
[Black "Soyolmaa, Dashdondog"]
[Result "1-0"]
[WhiteElo "1934"]
[BlackElo "2067"]
[PlyCount "66"]
[EventDate "2015.04.18"]
[EventType "tourn"]
[EventRounds "11"]
[EventCountry "MGL"]
[SourceTitle "CBM 166 Extra"]
[Source "ChessBase"]
[SourceDate "2015.06.18"]
[SourceVersion "1"]
[SourceVersionDate "2015.06.18"]
[SourceQuality "1"]

1. e4 e5 2. Nf3 Nc6 3. Bc4 Bc5 4. c3 d6 5. d3 Nf6 6. Nbd2 0-0 7. Bb3 Qe7 8. h3 Bd7 9. Nf1 h6 10. Ng3 b5 11. 0-0 Be6 12. Bc2 Bb6 13. Nh4 Nh7 14. Nhf5 Bxf5 15. Nxf5 Qf6 16. Kh1 Ne7 17. Nxe7+ Qxe7 18. f4 f6 19. a4 bxa4 20. Qg4 Kh8 21. Bxa4 c5 22. Bd2 Rad8 23. Bb3 Rfe8 24. fxe5 dxe5 25. Bd5 Rd6 26. Rf5 Qd7 27. Raf1 Rxd5 28. exd5 Qxd5 29. R5f3 e4 30. Re3 Rd8 31. Qxe4 Qb3 32. Qg6 Rg8 33. Re7 Bd8 1-0

[Event "MGL-ch (Women)"]
[Site "Ulaanbaatar"]
[Date "2002.04.04"]
[Round "4"]
[White "Soyolmaa, Dashdondog"]
[Black "Ankhchimeg, Bayanmunkh"]
[Result "0-1"]
[WhiteElo "2056"]
[BlackElo "2200"]
[PlyCount "82"]
[EventDate "2002.04.01"]
[EventType "tourn"]
[EventRounds "11"]
[EventCountry "MGL"]
[SourceTitle "EXT 2003"]
[Source "ChessBase"]
[SourceDate "2002.11.25"]
[SourceVersion "1"]
[SourceVersionDate "2002.11.25"]
[SourceQuality "1"]

1. e4 c5 2. Nf3 d6 3. Bb5+ Bd7 4. Bxd7+ Qxd7 5. c4 Nc6 6. Nc3 e5 7. d3 Nge7 8. 0-0 g6 9. a3 Bg7 10. Bg5 f6 11. Bd2 0-0 12. Nd5 h6 13. b4 cxb4 14. Nxe7+ Nxe7 15. axb4 f5 16. Qb3 Kh7 17. b5 f4 18. Bc3 g5 19. Rfd1 g4 20. Ne1 f3 21. g3 Qe6 22. Ra2 b6 23. Rda1 Nc8 24. Nc2 Rb8 25. Ne3 Rb7 26. Nd5 h5 27. Bd2 Bh6 28. Qd1 h4 29. Bxh6 Qxh6 30. Qc1 Qh5 31. Ne3 hxg3 32. fxg3 f2+ 33. Kh1 Rf3 34. Nf1 Rg7 35. Rd2 Qf7 36. Qc2 Rg8 37. Kg2 Rf8 38. Qd1 Qh5 39. Qc2 R8f7 40. Qd1 Ne7 41. Raa2 Rxg3+ 0-1

[Event "Manila zt 3.2a (Women)"]
[Site "Manila"]
[Date "2001.04.27"]
[Round "5"]
[White "Ankhchimeg, Bayanmunkh"]
[Black "Soyolmaa, Dashdondog"]
[Result "1-0"]
[WhiteElo "2174"]
[BlackElo "2031"]
[PlyCount "65"]
[EventDate "2001.04.24"]
[EventType "swiss"]
[EventRounds "9"]
[EventCountry "PHI"]
[SourceTitle "CBM 082 Extra"]
[Source "ChessBase"]
[SourceDate "2001.07.03"]
[SourceVersion "1"]
[SourceVersionDate "2001.07.03"]
[SourceQuality "1"]

1. e4 e5 2. Nf3 Nc6 3. Bb5 a6 4. Ba4 Nf6 5. 0-0 d6 6. Re1 b5 7. Bb3 Na5 8. h3 Nxb3 9. axb3 Be7 10. d4 exd4 11. Nxd4 Bb7 12. Qd3 0-0 13. Nf5 Bc6 14. Nxe7+ Qxe7 15. Nc3 Bb7 16. Bg5 h6 17. Nd5 Bxd5 18. exd5 Qd8 19. Bh4 g5 20. Bg3 Nh5 21. Bh2 Qf6 22. Re4 Rfe8 23. c3 Re7 24. Qe2 Rae8 25. Rxe7 Rxe7 26. Qxh5 Qf5 27. Qxh6 Qxd5 28. h4 gxh4 29. Bf4 Re6 30. Qg5+ Qxg5 31. Bxg5 h3 32. Be3 hxg2 33. Kxg2 1-0

[Event "Manila zt 3.2a (Women)"]
[Site "Manila"]
[Date "2001.04.27"]
[Round "6"]
[White "Soyolmaa, Dashdondog"]
[Black "Tungalag, Nyamaa"]
[Result "1-0"]
[WhiteElo "2031"]
[BlackElo "2131"]
[PlyCount "59"]
[EventDate "2001.04.24"]
[EventType "swiss"]
[EventRounds "9"]
[EventCountry "PHI"]
[SourceTitle "CBM 082 Extra"]
[Source "ChessBase"]
[SourceDate "2001.07.03"]
[SourceVersion "1"]
[SourceVersionDate "2001.07.03"]
[SourceQuality "1"]

1. e4 e6 2. d4 d5 3. Nc3 Nf6 4. e5 Nfd7 5. f4 c5 6. Nf3 Nc6 7. Be3 cxd4 8. Nxd4 Nxd4 9. Bxd4 Bc5 10. Qd2 a6 11. 0-0-0 b5 12. g4 Bb7 13. h4 Qa5 14. Kb1 Rc8 15. Ne2 Qb6 16. Rh2 Rc7 17. g5 Bxd4 18. Nxd4 Nc5 19. f5 Ne4 20. Qb4 Bc8 21. f6 gxf6 22. gxf6 Qc5 23. Qxc5 Nxc5 24. Rg2 Nd7 25. Re1 Nf8 26. h5 h6 27. Bd3 Nd7 28. Rg7 Rb7 29. Bg6 Nf8 30. Rg1 1-0